[Event "Regionalliga SW 0708"]
[Site "Bayern"]
[Date "2007.11.25"]
[Round "3.3"]
[White "Kuhnert, Josef"]
[Black "Krklec, Daniel"]
[Result "0-1"]
[WhiteElo "1995"]
[BlackElo "2090"]
[PlyCount "84"]
[EventDate "2007.10.21"]
[EventType "team-tourn"]
[EventRounds "9"]
[EventCountry "GER"]
[SourceTitle "EXT 2009"]
[Source "ChessBase"]
[SourceDate "2008.11.26"]
[SourceVersion "1"]
[SourceVersionDate "2008.11.26"]
[SourceQuality "1"]
[WhiteTeam "Sonthofen"]
[BlackTeam "Zugzwang MSA"]
[WhiteTeamCountry "GER"]
[BlackTeamCountry "GER"]

1. d4 Nf6 2. Bg5 d5 3. Bxf6 exf6 4. e3 Be6 5. g3 c6 6. Bg2 Bd6 7. Ne2 0-0 8. Nd2 Re8 9. 0-0 Nd7 10. b3 Rc8 11. c4 f5 12. c5 Bb8 13. b4 Nf6 14. a4 Ne4 15. Nb3 h5 16. h4 g5 17. hxg5 Qxg5 18. Nd2 Qh6 19. Nf3 f4 20. exf4 Bg4 21. Ra3 Re6 22. Re3 Rce8 23. Ne5 Bxe2 24. Qxe2 f6 25. Bxe4 fxe5 26. Bf5 Rf6 27. g4 e4 28. Rg3 Qxf4 29. gxh5+ Kh8 30. Qg4 Qxg4 31. Bxg4 Bxg3 32. fxg3 Rxf1+ 33. Kxf1 Rg8 34. Be2 Rxg3 35. b5 Ra3 36. Bd1 Rd3 37. Be2 Ra3 38. Bd1 Rd3 39. Be2 Rxd4 40. a5 a6 41. bxc6 bxc6 42. Bxa6 Ra4 0-1

[Event "Regionalliga SW 0607"]
[Site "Bayern"]
[Date "2006.12.10"]
[Round "4.2"]
[White "Komljenovic, Luka"]
[Black "Krklec, Daniel"]
[Result "1/2-1/2"]
[WhiteElo "2192"]
[BlackElo "2158"]
[PlyCount "139"]
[EventDate "2006.10.15"]
[EventType "team-tourn"]
[EventRounds "9"]
[EventCountry "GER"]
[SourceTitle "EXT 2008"]
[Source "ChessBase"]
[SourceDate "2007.11.25"]
[SourceVersion "1"]
[SourceVersionDate "2007.11.25"]
[SourceQuality "1"]
[WhiteTeam "Unterhaching"]
[BlackTeam "Zugzwang MSA"]
[WhiteTeamCountry "GER"]
[BlackTeamCountry "GER"]

1. Nf3 d5 2. c4 Nf6 3. cxd5 Nxd5 4. d4 e6 5. e4 Nf6 6. Nc3 Bb4 7. Qa4+ Nc6 8. Bg5 Bd7 9. Qc2 h6 10. Bf4 Ne7 11. a3 Bxc3+ 12. bxc3 0-0 13. Bd3 Rc8 14. 0-0 c5 15. dxc5 Ba4 16. Qxa4 Qxd3 17. Bd6 Rfe8 18. e5 Qe4 19. Qxa7 Nfd5 20. Qxb7 Nc6 21. Rfe1 Qc4 22. Nd4 Na5 23. Qb5 Qxb5 24. Nxb5 Nb3 25. Rab1 Nxc5 26. Na7 Nd3 27. Nxc8 Nxe1 28. c4 Nc2 29. cxd5 Rxc8 30. dxe6 fxe6 31. Rc1 Rc4 32. f3 Kf7 33. Kf2 Kg6 34. Ke2 Nd4+ 35. Kd1 Ra4 36. Rc7 Nb5 37. Re7 Nxd6 38. Rxe6+ Kf5 39. Rxd6 Rxa3 40. Rd7 g5 41. Rd5 Ra2 42. Rd2 Ra1+ 43. Ke2 Kxe5 44. Kf2 Ra6 45. Kg3 Kf6 46. h4 Kg6 47. Rd5 Rb6 48. Kh3 Rf6 49. Re5 Kh5 50. g4+ Kg6 51. Kg3 gxh4+ 52. Kg2 Ra6 53. Kh3 Ra3 54. Rf5 h5 55. Kxh4 hxg4 56. Kxg4 Ra4+ 57. Rf4 Rxf4+ 58. Kxf4 Kf6 59. Ke4 Ke6 60. f4 Kf6 61. f5 Kf7 62. Ke5 Ke7 63. f6+ Kf7 64. Kf5 Kf8 65. Ke6 Ke8 66. Kf5 Kf7 67. Ke5 Kf8 68. Ke6 Ke8 69. f7+ Kf8 70. Kf6 1/2-1/2

[Event "Regionalliga SW 0607"]
[Site "Bayern"]
[Date "2006.11.19"]
[Round "3.1"]
[White "Buchner, Rudolf"]
[Black "Krklec, Daniel"]
[Result "1/2-1/2"]
[WhiteElo "2137"]
[BlackElo "2158"]
[PlyCount "80"]
[EventDate "2006.10.15"]
[EventType "team-tourn"]
[EventRounds "9"]
[EventCountry "GER"]
[SourceTitle "EXT 2008"]
[Source "ChessBase"]
[SourceDate "2007.11.25"]
[SourceVersion "1"]
[SourceVersionDate "2007.11.25"]
[SourceQuality "1"]
[WhiteTeam "Muenchen Tarrasch II"]
[BlackTeam "Zugzwang MSA"]
[WhiteTeamCountry "GER"]
[BlackTeamCountry "GER"]

1. e4 Nc6 2. d4 d5 3. Nc3 e5 4. dxe5 d4 5. Nd5 Be6 6. Nf4 Nxe5 7. Nxe6 fxe6 8. Qh5+ Ng6 9. Qb5+ c6 10. Qb3 Qe7 11. Nf3 Qb4+ 12. Bd2 Qxb3 13. axb3 e5 14. Bc4 Be7 15. h4 h5 16. Ng5 Bxg5 17. hxg5 N8e7 18. b4 Kd7 19. Be2 h4 20. Rh3 a6 21. Bg4+ Kc7 22. Rf3 Raf8 23. Raa3 Nf4 24. Bxf4 exf4 25. Ra5 Ng6 26. Bf5 h3 27. Rxh3 Nh4 28. Kf1 Kd6 29. Rd3 b5 30. Rxd4+ Ke5 31. Rd7 f3 32. gxf3 Nxf3 33. Rxg7 Kf4 34. Ke2 Rd8 35. Rd7 Rxd7 36. Bxd7 Rd8 37. Bf5 Rd2+ 38. Kf1 Rd1+ 39. Ke2 Rd2+ 40. Kf1 Rd1+ 1/2-1/2

[Event "Munich-ch VM2"]
[Site "Munich"]
[Date "2005.02.26"]
[Round "8"]
[White "Biberger, Hans"]
[Black "Krklec, Daniel"]
[Result "1-0"]
[WhiteElo "2032"]
[BlackElo "2176"]
[PlyCount "146"]
[EventDate "2005.01.21"]
[EventType "tourn"]
[EventRounds "9"]
[EventCountry "GER"]
[SourceTitle "EXT 2007"]
[Source "ChessBase"]
[SourceDate "2006.11.23"]
[SourceVersion "1"]
[SourceVersionDate "2006.11.23"]
[SourceQuality "1"]

1. d4 Nc6 2. e4 d5 3. e5 f6 4. f4 Bf5 5. c3 e6 6. Nf3 Qd7 7. Be2 Nge7 8. Be3 Be4 9. Nbd2 Nf5 10. Bf2 h5 11. a4 h4 12. b4 Nce7 13. Rg1 Ng6 14. g3 hxg3 15. hxg3 Nh6 16. Nxe4 dxe4 17. Nd2 f5 18. Qb3 Ne7 19. Nf1 Nd5 20. Ne3 Ng8 21. Nxd5 exd5 22. b5 Ne7 23. Rg2 0-0-0 24. 0-0-0 Kb8 25. Kb2 Qd6 26. Be3 Ka8 27. Rdg1 Rh3 28. Bc1 Qh6 29. Qc2 Rc8 30. Be3 c5 31. dxc5 Ng6 32. Qd2 Bxc5 33. Bxc5 Rxc5 34. Qd4 b6 35. c4 Ne7 36. a5 Rh2 37. cxd5 Rxg2 38. Rxg2 Rxd5 39. Qb4 Rc5 40. Bc4 Qh1 41. Rd2 e3 42. Rd8+ Nc8 43. axb6 axb6 44. Qa3+ Kb8 45. Qd3 Rc7 46. Qd6 Qe4 47. Qxb6+ Qb7 48. Qxb7+ Kxb7 49. Be2 Kb6 50. Rd3 Kxb5 51. Rxe3+ Kb6 52. Bf3 g5 53. Bd5 Rg7 54. Be6 Ne7 55. Rd3 gxf4 56. gxf4 Rg4 57. Rd7 Ng6 58. Bxf5 Rg2+ 59. Kc3 Nxf4 60. e6 Re2 61. Rf7 Nxe6 62. Rf6 Kc5 63. Bxe6 Re3+ 64. Kd2 Re5 65. Bf5 Kd4 66. Bd3 Rd5 67. Rf4+ Kc5 68. Kc3 Kd6 69. Bc4 Rd1 70. Rf6+ Ke5 71. Re6+ Kf5 72. Re2 Rc1+ 73. Kd4 Kf4 1-0

[Event "IECC M email"]
[Site "IECC email"]
[Date "2002.09.05"]
[Round "?"]
[White "Krklec, Daniel"]
[Black "Nenciulescu, Silviu Catalin"]
[Result "1/2-1/2"]
[WhiteElo "2238"]
[BlackElo "2284"]
[PlyCount "53"]
[EventDate "2002.??.??"]
[EventType "tourn (corr)"]
[EventRounds "6"]
[SourceTitle "Corr 2008"]
[Source "ChessBase"]
[SourceDate "2008.06.24"]
[SourceVersion "1"]
[SourceVersionDate "2008.06.24"]
[SourceQuality "1"]

1. e4 c5 2. Nf3 d6 3. d4 cxd4 4. Nxd4 Nf6 5. Nc3 a6 6. Bg5 e6 7. g4 Be7 8. Be3 d5 9. e5 Nfd7 10. f4 Nc6 11. Qf3 Bb4 12. Bf2 Qa5 13. Nb3 Qc7 14. 0-0-0 f6 15. Nd4 Nxd4 16. Bxd4 fxe5 17. fxe5 Bc5 18. Bxc5 Qxc5 19. g5 d4 20. Ne4 Qxe5 21. Bg2 Nc5 22. Rhf1 Nxe4 23. Qf7+ Kd8 24. Bxe4 Bd7 25. Kb1 Rc8 26. Rfe1 Rc7 27. Bxb7 1/2-1/2